=LDR 00000nam 2200000 4500 =001 INLIS000000000044135 =005 20131008104928 =008 ***********************************ind** =035 ##$$0010-101300000002057 =041 ##$$a ind =082 ##$$a 370.1 =090 ##$$a 370.1, LAN p =100 ##$$a Langeveld, MJ =245 ##$$a Paedagogik, Proses-Sistematis, MJ. Langeveld =260 ##$$a [s.a] $b [s.l] =300 ##$$a 138 hlm., 21 cm =650 ##$$a Paedagogik =650 ##$$a Metode Pendidikan =850 ##$$a NBPNMAT